| 000 | 00527nam a2200169 i 4500 | ||
|---|---|---|---|
| 001 | 23481 | ||
| 003 | ES-MaACL | ||
| 005 | 20250823063031.0 | ||
| 007 | t| | ||
| 008 | 021210s1940 sp ||||1| spa d | ||
| 100 | 1 |
_aÁlvarez de Linera, Antonio, _d1888-1961 _9149717 |
|
| 245 | 1 | 0 |
_aIntroducción a la Filosofía / _cpor Antonio Alvarez Linera y Grund. |
| 260 |
_aMadrid : _bS.A.E.T.A., _c1940 ( _fNuevas Gráficas) |
||
| 300 |
_a565 p. ; _c22 cm. |
||
| 852 |
_aES-MaACL _jF-15247 _bR.18913 |
||
| 999 |
_c23481 _d23481 |
||